| 000 | 00687nam a22002177a 4500 | ||
|---|---|---|---|
| 003 | BD-DhUL | ||
| 005 | 20200223141200.0 | ||
| 008 | 160330s2012 ii ||||| |||| 000 0 urd d | ||
| 020 | _a9789380934211 | ||
| 040 |
_aBD-DhUL _cBD-DhUL |
||
| 082 |
_223 _a891.4391 _bNAI |
||
| 100 | 1 | _aنصر، ایم۔ نصر اللہ۔ | |
| 245 | 0 |
_aامکان سے آگے : _bغزلیات / _cایم۔ نصر اللہ نصر۔ |
|
| 246 | _aImkān se Āge : Ghazaliyāt | ||
| 250 | _a۲ ط۔ | ||
| 260 |
_aنئی دہلی : _bایم۔ آر۔ پبلی کیشنز، _c۲۰۱۲۔ |
||
| 300 |
_aص۔ ۱۵۹ ؛ _c۲۲ سم۔ |
||
| 365 |
_aIRS _b225.00 |
||
| 650 | 4 | _aUrdu poetry. | |
| 942 |
_2ddc _cBK |
||
| 999 |
_c251056 _d251056 |
||